History Quiz

Random History or Nation Quiz

Alphabetical Jumbles: Presidents Quiz Stats

 Plays Quiz not verified by Sporcle

Score 0/10 Timer 05:00
3 Plays Today
Question Answer Wrong Answers
Which of these Presidents comes first alphabetically when unscrambled? BHSU
88%
CDEGILOO
2.9%
EMNOOR
1.4%
AFTT
2.4%
Which of these Presidents comes first alphabetically when unscrambled? AADMS
88%
CILNNOT
3.9%
ACJKNOS
1.1%
ALORTY
1.6%
Which of these Presidents comes first alphabetically when unscrambled? AGNRT
81.4%
ADGHINR
9.2%
EELOORSTV
2.6%
ILNOSW
1.7%
Which of these Presidents comes first alphabetically when unscrambled? AABCHNNU
78.8%
ACERRT
8.5%
EEFFJNORS
4.7%
ELRTY
2.4%
Which of these Presidents comes first alphabetically when unscrambled? CEIKLMNY
75.4%
KLOP
5.3%
ABENNRUV
14.2%
Which of these Presidents comes first alphabetically when unscrambled? ADEFGILR
71.8%
EHOORV
18.2%
INNOX
2.3%
AGHINNOSTW
2.6%
Which of these Presidents comes first alphabetically when unscrambled? EEEHINORSW
66.9%
AEHSY
17.1%
ADIMNOS
8.7%
MPRTU
1.9%
Which of these Presidents comes first alphabetically when unscrambled? AHRRTU
64.5%
DFOR
26.8%
HJNNOOS
1.7%
AMNRTU
2.4%
Which of these Presidents comes first alphabetically when unscrambled? AHINORRS
57.8%
DEEKNNY
24.4%
CEEIPR
5%
AAEGNR
7.4%
Which of these Presidents comes first alphabetically when unscrambled? ACDEELLNV
50.8%
EFILLMOR
27.1%
CILLNNO
13.7%
AABMO
3.6%

You're not logged in!

Compare scores with friends on all Sporcle quizzes.
OR
Log In

Show Comments

Extras

Top Quizzes Today


Score Distribution

Your Account Isn't Verified!

In order to create a playlist on Sporcle, you need to verify the email address you used during registration. Go to your Sporcle Settings to finish the process.

Report this User

Report this user for behavior that violates our Community Guidelines.

Details: